| 000 | 01328cam a2200385 a 4500 | ||
|---|---|---|---|
| 999 |
_c3121 _d3121 |
||
| 001 | 14641115 | ||
| 003 | GZU | ||
| 005 | 20201118084048.0 | ||
| 008 | 061120s2006 enk b 001 0 eng | ||
| 010 | _a 2006494885 | ||
| 015 |
_aGBA627383 _2bnb |
||
| 016 | 7 |
_a013414626 _2Uk |
|
| 020 | _a9780414041738 | ||
| 035 | _a(OCoLC)ocm64554912 | ||
| 035 | _a(OCoLC)64554912 | ||
| 040 |
_aUKM _cUKM _dYDXCP _dOCLCQ _dDLC |
||
| 043 | _ae-uk--- | ||
| 050 | 0 | 0 |
_aKD442 _b.W54 2010 |
| 082 | 0 | 4 |
_a349.41 _222 |
| 100 | 1 |
_aWilliams, Glanville _q(Glanville Llewelyn), _d1911-1997. |
|
| 245 | 1 | 0 |
_aGlanville Williams : _blearning the law / _cby Glanville Williams. |
| 246 | 3 | _aLearning the law | |
| 250 |
_a14th ed. / _bedited by A.T.H. Smith. |
||
| 260 |
_aLondon : _bSweet & Maxwell, _c2010. |
||
| 300 | _aviii, 273 p. ; | ||
| 500 | _aPrevious ed: 2006. | ||
| 504 | _aIncludes bibliographical references and index. | ||
| 650 | 0 |
_aLaw _zGreat Britain. |
|
| 650 | 0 |
_aPractice of law _zGreat Britain. |
|
| 650 | 0 |
_aLaw _zGreat Britain _xInterpretation and construction _vProblems, exercises, etc. |
|
| 700 | 1 | _aSmith, A. T. H. | |
| 906 |
_a7 _bcbc _corigres _d2 _encip _f20 _gy-gencatlg |
||
| 942 |
_2lcc _cBK _e14th ed. _h442 _iWIL _kKD _m2010 |
||